00627nam a2200193Ia 450000100060000000300060000600500170001200800410002903500200007004000130009008200150010310000340011824500590015226000420021130000570025344000500031065000470036065000260040734276GBCCL20241126110627.0860509s1959 tnuade 000 0 eng d a(OCoLC)13552189 aNCAcNCA a268.6bDIL1 aDillard, Polly Hargis,d1916-10aImproving nursery departments /cPolly Hargis Dillard. aNashville :bConvention Press,c1959. a[xiv], 143 p. :bill., charts, floor plans ;c25 cm. 0aChurch study course for teaching and training 0aReligious education of preschool children. 0aEducation, Preschool.